| 000 | 00625nam a2200205 a 4500 | ||
|---|---|---|---|
| 001 | 72609 | ||
| 003 | BD-RjUL | ||
| 005 | 20211209082303.0 | ||
| 008 | 170521s1888 enka 000 0 eng | ||
| 035 | _a(BD-RjUL)72827 | ||
| 040 |
_aDLC _cNbU _dDLC _dBD-RjUL _beng |
||
| 041 | _aeng | ||
| 082 |
_223 _a532.5 _bBAT 1888 |
||
| 100 | 1 |
_aBasset, Alfred Barnard, _d1854-1930. _9214771 |
|
| 245 | 1 | 2 |
_aA treatise on hydrodynamics : _bwith numerous examples / _cBy A. B. Basset. |
| 260 |
_aCambridge [Eng.] : _bDeighton, Bell and Co., _c1888. |
||
| 300 |
_a2 v. : _bill. ; _c23 cm. |
||
| 650 | 0 |
_aHydrodynamics. _9214772 |
|
| 942 |
_2ddc _cBK |
||
| 999 |
_c72609 _d72609 |
||